Quiz présidents américains de 1929 à 2017 - Statistiques

Statistiques générales
  • Ce quiz a été pris 112 fois
  • Le résultat moyen est 13 sur 16
Statistiques - réponses
Par images Réponse % Correct
Donald Trump
100%
Barack Obama
99%
John Fitzgerald Kennedy
97%
George H. W. Bush
94%
Joe Biden
94%
George W. Bush
93%
Bill Clinton
87%
Ronald Reagan
86%
Richard Nixon
83%
Franklin Delano Roosevelt
76%
Dwight D. Eisenhower
71%
Harry S. Truman
68%
Jimmy Carter
65%
Gerald Ford
57%
Lyndon B. Johnson
51%
Herbert Hoover
40%
Aucun quiz correspondant
Distribution des résultats
% des personnes avec chaque résultat
Percentile par nombre de réponses
Votre historique - résultats
Vous n’avez pas pris ce quiz